| 000 | 00854nam a22002777a 4500 | ||
|---|---|---|---|
| 999 |
_c6288 _d6288 |
||
| 003 | AR-CdUCM | ||
| 008 | 190223b ||||| |||| 00| 0 spa d | ||
| 020 | _a987-1100-06-X | ||
| 040 |
_aMUNICIPALIDAD PROVINCIAL DEL CUSCO _cBIBLIOTECA MUNICIPAL DEL CUSCO |
||
| 082 |
_a869.26 / _bB46 |
||
| 100 |
_aBerra, Virginia _91656 |
||
| 245 | _aBajo el signo de los soles / | ||
| 260 |
_aCordoba : _bArgos,, _c2003. |
||
| 300 |
_a91 paginas ; _c21 cm. |
||
| 500 | _aDedicatoria Titulo original : Sous le signe des soleils | ||
| 505 | _aPoemas | ||
| 650 |
_aPoesÃa argentina _91657 |
||
| 650 |
_aPoetas argentinas _91658 |
||
| 650 |
_aPoemas - Siglo XX _91659 |
||
| 650 |
_aMagicas huellas _91660 |
||
| 650 |
_aAsociación cultural _91661 |
||
| 650 |
_aObra lirica _91662 |
||
| 700 |
_aZugarrondo, Javier _918049 |
||
| 942 |
_2ddc _cLIBROS |
||
| 945 | _awnts | ||